Представление документа в формате MARC21

Поле Инд. ПП Название Значение
Тип записи a
Библиографический уровень m
001 Контрольный номер RU/IS/BASE/204229846
005 Дата корректировки 20220729101049.2
040 b Код языка каталог. rus
041 a Код языка текста rus
080 a Индекс УДК 004.42
084 a Индекс другой классификации/Индекс ББК 32.973.202-018.2
090 a Полочн. индекс 681.3
c Каталожный индекс 681.3.06
x Авторский знак В17
097 b Оператор 11
100 a Автор Ван Тассел Д.
245 a Заглавие Стиль, разработка, эффективность, отладка и испытание программ
c Ответственность пер. с англ. Е. К. Масловского, В. А. Прониной ; под ред. Э. А. Трахтенгерца
260 a Место издания М.
b Издательство Мир
c Дата издания 1981
300 a Объем 319 с.
b Иллюстрации/ тип воспроизводства ил.
510 a Примечание о ссылках Книги и методические пособия
650 a Основная рубрика 50.41 Программное обеспечение вычислительных машин, комплексов и сетей
x Основная подрубрика 50.41.23 Программное обеспечение вычислительных сетей
653 a Ключевые слова электронные вычислительные машины; программы (выч. техника); программирование
901 t Тип документа m